France Immigration By Country - Extreme - Statistics

General Stats
  • This quiz has been taken 84 times
  • The average score is 42 of 55
Answer Stats
Total Country % Correct
1,67 mil Algeria
98%
170,000 United Kingdom
98%
80,500 United States
98%
1,06 mil Morocco
96%
282,000 Spain
96%
164,000 Belgium
94%
326,000 Italy
94%
689,500 Portugal
94%
188,300 Brazil
93%
126,500 China
93%
202,000 Germany
93%
66,000 Netherlands
93%
78,500 Russia
93%
455,000 Tunisia
93%
182,500 Romania
91%
45,000 Egypt
89%
135,000 India
89%
340,000 Turkey
89%
167,000 Poland
87%
151,500 DR Congo
83%
35,600 Iran
83%
243,600 Senegal
83%
156,700 Syria
83%
105,000 Ukraine
83%
98,500 Iraq
81%
50,000 Pakistan
80%
60,000 Congo
78%
45,600 Colombia
76%
78,000 Serbia
76%
79,900 Vietnam
76%
73,000 Argentina
74%
30,200 Bangladesh
74%
149,800 Cameroon
72%
44,000 Hungary
70%
206,450 Ivory Coast
70%
60,350 Lebanon
69%
43,500 Albania
67%
39,800 Bulgaria
67%
40,000 Croatia
67%
177,300 Mali
67%
30,100 Venezuela
67%
123,000 Afghanistan
65%
131,600 Guinea
63%
149,000 Haiti
63%
32,000 Benin
61%
31,400 Cambodia
61%
36,500 Togo
61%
61,400 Bosnia and Herzegovina
59%
33,150 Laos
59%
45,230 Somalia
57%
57,800 Burkina Faso
56%
76,500 Madagascar
56%
65,000 Sri Lanka
54%
48,900 Gabon
52%
55,000 Comoros
39%
No matching quizzes found
Score Distribution
Percent of People with Each Score
Percentile by Number Answered
Your Score History
You have not taken this quiz